| 000 | 00862cam a2200277 a 4500 | ||
|---|---|---|---|
| 001 | 15485068 | ||
| 005 | 20171226071907.0 | ||
| 008 | 081015s2009 at a b 001 0 eng d | ||
| 010 | _a 2008939571 | ||
| 020 | _a9780495566151 | ||
| 020 | _a0495566152 | ||
| 035 | _a(OCoLC)ocn301358693 | ||
| 040 |
_aOSU _cOSU _dDLC |
||
| 041 | _aeng | ||
| 042 | _alccopycat | ||
| 043 | _an-us--- | ||
| 080 | _a32 DAU | ||
| 082 | _a32 DAU | ||
| 100 | 1 | _a19 | |
| 101 | _aPOL | ||
| 245 | 1 | 0 |
_aAmerican government : _cKenneth Dautrich, David A. Yalof. |
| 504 | _aIncludes bibliographical references and index. | ||
| 906 |
_a7 _bcbc _ccopycat _d3 _encip _f20 _gy-gencatlg |
||
| 942 |
_2ddc _cBK |
||
| 999 |
_c39399 _d39399 |
||